| 000 | 00814nam a2200241Ia 4500 | ||
|---|---|---|---|
| 003 | OSt | ||
| 005 | 20220923221627.0 | ||
| 006 | a|||||r|||| 00| 0 | ||
| 007 | ta | ||
| 008 | 220922b |||||||| |||| 00| 0 hin d | ||
| 024 | _a198,792 | ||
| 037 | _cTextual | ||
| 040 |
_aARTS _cARTS _bhin |
||
| 041 |
_2hin _ahin |
||
| 082 | _aP152:795, M6-;3 | ||
| 100 |
_aअययर, एन ई विश्वनाथ _9165541 |
||
| 245 | 0 | _aअनुवाद भाषाएं समस्याएं | |
| 246 | _aAnuvād bhāṣhāean samasyāean | ||
| 260 |
_aत्रिवेद्रंम _b स्वाति प्रकाशन _c1986 |
||
| 300 |
_a310पृ. _ccm. |
||
| 942 |
_hP152:795, M6-;3 _cTEXL _2CC |
||
| 999 |
_c350598 _d350598 |
||